Statistics for Countries That Border Austria

Click here to take the quiz!

General Stats

  • This quiz has been taken 28 times
  • The average score is 8 of 8

Answer Stats

Answer% Correct
Germany
100%
Switzerland
100%
Hungary
96%
Slovakia
96%
Czech Republic
92%
Italy
92%
Liechtenstein
92%
Slovenia
92%

Score Distribution

Percentile by Number Answered

Percent of People with Each Score

Your Score History

You have not taken this quiz